Razze di Dungeons & Dragons 5E - Statistics

Statistiche generali
  • Questo quiz è stato fatto 17 volte
  • Il punteggio medio è 6 su 9
Statistiche sulle risposte
Risposta % Corretto
Umano
100%
Elfo
94%
Nano
75%
Halfling
69%
Mezzelfo
63%
Mezzorco
63%
Gnomo
50%
Tiefling
50%
Dragonide
44%
Nessun quiz corrispondente trovato
Distribuzione punteggi
Percentuale di utenti per punteggio
Percentile per numero di risposta
I tuoi punteggi nel tempo
Non hai fatto questo quiz